La otra juventud

محفوظ في:
التفاصيل البيبلوغرافية
التنسيق: نص
الموضوعات:
الوسوم: إضافة وسم
لا توجد وسوم, كن أول من يضع وسما على هذه التسجيلة!

MARC

LEADER 00000 a a2200000 04500
001 6837
003
040
245 |a La otra juventud  
650 |a JUVENTUD  
650 |a PARTIDOS POLITICOS  
650 |a POLITICA  
650 |a EL SALVADOR  
773 |g volumen 28, número 1253; páginas 2-3  
999 |c 32406  |d 32406